| 000 | 00413nam a22001457a 4500 | ||
|---|---|---|---|
| 005 | 20250527124223.0 | ||
| 008 | 250527b |||||||| |||| 00| 0 eng d | ||
| 020 | _a9780300089004 | ||
| 050 |
_aG 370 _b.P9L27 |
||
| 100 | _aLARNER, JOHN | ||
| 245 |
_aMARCO POLO AND THE DISCOVERY OF THE WORLD _cJOHN LARNER |
||
| 260 |
_aNEW HAVEN _bYALE UNIVERSITY PRESS _cc1999 |
||
| 300 |
_axiii; 250p.; _bills |
||
| 942 |
_2lcc _cBK _n0 |
||
| 999 |
_c6001 _d6001 |
||